[Event "POL-ch blitz"]
[Site "Chorzow"]
[Date "2019.04.12"]
[Round "12"]
[White "Kaleta, Blazej"]
[Black "Tymrakiewicz, Rafal"]
[Result "0-1"]
[WhiteElo "2110"]
[BlackElo "2234"]
[PlyCount "46"]
[EventDate "2019.04.12"]
[EventType "swiss (blitz)"]
[EventRounds "15"]
[EventCountry "POL"]
[SourceTitle "CBM 189 Extra"]
[Source "ChessBase"]
[SourceDate "2019.06.03"]
[SourceVersion "1"]
[SourceVersionDate "2019.06.03"]
[SourceQuality "1"]

1. d4 d5 2. c4 Bf5 3. Nc3 e6 4. e3 c6 5. Nf3 Nd7 6. a3 Ngf6 7. b4 Bd6 8. c5 Bc7 9. Bb2 a6 10. Be2 Ne4 11. a4 0-0 12. b5 a5 13. Nxe4 Bxe4 14. Bc3 e5 15. Qd2 Bxf3 16. Bxf3 exd4 17. Bxd4 Be5 18. 0-0 Qf6 19. Bxe5 Nxe5 20. Be2 Rad8 21. Qxa5 d4 22. exd4 Rxd4 23. Qc3 Re4 0-1

[Event "EU-ch rapid"]
[Site "Katowice"]
[Date "2017.12.17"]
[Round "9"]
[White "Wieczorek, Oskar"]
[Black "Kaleta, Blazej"]
[Result "1/2-1/2"]
[WhiteElo "2463"]
[BlackElo "2110"]
[PlyCount "30"]
[EventDate "2017.12.16"]
[EventType "swiss (rapid)"]
[EventRounds "11"]
[EventCountry "POL"]
[SourceTitle "CBM 182 Extra"]
[Source "ChessBase"]
[SourceDate "2018.02.23"]
[SourceVersion "1"]
[SourceVersionDate "2018.02.23"]
[SourceQuality "1"]

1. e4 c5 2. Nf3 e6 3. d4 cxd4 4. Nxd4 a6 5. c4 Nf6 6. Nc3 Qc7 7. Be2 b6 8. 0-0 Bb7 9. f3 Bd6 10. g3 Bxg3 11. hxg3 Qxg3+ 12. Kh1 Qh3+ 13. Kg1 Qg3+ 14. Kh1 Qh3+ 15. Kg1 Qg3+ 1/2-1/2

[Event "POL-chT U19 1st League"]
[Site "Suchedniow"]
[Date "2012.07.??"]
[Round "1"]
[White "Kaleta, Blazej"]
[Black "Dowgird, Filip"]
[Result "0-1"]
[WhiteElo "2086"]
[BlackElo "2137"]
[PlyCount "92"]
[EventDate "2012.07.21"]
[EventType "team-swiss"]
[EventRounds "9"]
[EventCountry "POL"]
[SourceTitle "EXT 2014"]
[Source "ChessBase"]
[SourceDate "2013.11.20"]
[SourceVersion "1"]
[SourceVersionDate "2013.11.20"]
[SourceQuality "1"]
[WhiteTeam "Katowice Hetman Szopienice U19"]
[BlackTeam "Wroclaw MUKS MDK Srodmiescie U19"]
[WhiteTeamCountry "POL"]
[BlackTeamCountry "POL"]

1. d4 Nf6 2. c4 Nc6 3. Nc3 e5 4. d5 Ne7 5. e4 Ng6 6. Bd3 Bc5 7. Bd2 a6 8. g3 d6 9. h3 0-0 10. Qe2 Bd7 11. h4 h6 12. a3 Qc8 13. 0-0-0 Ng4 14. Rf1 f5 15. f3 Nf6 16. exf5 Bxf5 17. h5 Ne7 18. g4 Bxd3 19. Qxd3 b5 20. Nge2 c6 21. dxc6 Qxc6 22. cxb5 axb5 23. Qxb5 Qc7 24. b4 Bd4 25. Kb2 Rfb8 26. Qd3 Qb6 27. Nxd4 exd4 28. Ne2 Nc6 29. g5 hxg5 30. h6 Ne5 31. Qxd4 Qa6 32. Nc1 Qxa3+ 33. Kc2 Qa4+ 34. Kb1 Rc8 35. Bc3 Rc4 36. Qd2 Rac8 37. Na2 Qb3+ 38. Qb2 Rxc3 39. Nxc3 Rxc3 40. hxg7 Qc4 41. Rc1 Qd3+ 42. Ka2 Nd5 43. Rhd1 Qc4+ 44. Ka1 Nd3 45. Rxc3 Nxc3 46. Qh2 Qa6+ 0-1

[Event "POL-chT U19 1st League"]
[Site "Suchedniow"]
[Date "2012.07.??"]
[Round "6"]
[White "Kaleta, Blazej"]
[Black "Tomsia, Kamil"]
[Result "0-1"]
[WhiteElo "2086"]
[BlackElo "2096"]
[PlyCount "86"]
[EventDate "2012.07.21"]
[EventType "team-swiss"]
[EventRounds "9"]
[EventCountry "POL"]
[SourceTitle "EXT 2014"]
[Source "ChessBase"]
[SourceDate "2013.11.20"]
[SourceVersion "1"]
[SourceVersionDate "2013.11.20"]
[SourceQuality "1"]
[WhiteTeam "Katowice Hetman Szopienice U19"]
[BlackTeam "Trzebinia UKS Hetman Koronny U19"]
[WhiteTeamCountry "POL"]
[BlackTeamCountry "POL"]

1. Nf3 d6 2. c4 Bg4 3. e3 e5 4. Nc3 Nf6 5. d3 Nbd7 6. Be2 c6 7. 0-0 Be7 8. b3 a6 9. Bb2 0-0 10. Nd2 Bf5 11. f4 exf4 12. Rxf4 Bg6 13. d4 d5 14. Rf2 b5 15. c5 b4 16. Na4 Qc7 17. a3 a5 18. Ra2 Rae8 19. Bf3 Bd8 20. Nf1 Ne4 21. Re2 Bg5 22. axb4 axb4 23. Qe1 Qb8 24. Bc1 Qb5 25. Reb2 Re7 26. h4 Bf6 27. g3 Rfe8 28. Rg2 h6 29. Be2 Qb8 30. Qd1 Bf5 31. Bg4 Bxg4 32. Qxg4 g6 33. Qd1 h5 34. Qd3 Bg7 35. Qa6 Ndf6 36. Nb6 Ng4 37. Qa5 Nc3 38. Rac2 Nd1 39. Rce2 Bxd4 40. exd4 Rxe2 41. Qxb4 Rxg2+ 42. Kxg2 Re2+ 43. Kg1 Qe8 0-1

[Event "POL-chT U19 1st League"]
[Site "Suchedniow"]
[Date "2012.07.??"]
[Round "7"]
[White "Lapaj, Mateusz"]
[Black "Kaleta, Blazej"]
[Result "1/2-1/2"]
[WhiteElo "2037"]
[BlackElo "2086"]
[PlyCount "131"]
[EventDate "2012.07.21"]
[EventType "team-swiss"]
[EventRounds "9"]
[EventCountry "POL"]
[SourceTitle "EXT 2014"]
[Source "ChessBase"]
[SourceDate "2013.11.20"]
[SourceVersion "1"]
[SourceVersionDate "2013.11.20"]
[SourceQuality "1"]
[WhiteTeam "Jaworzno JKSz MCKiS U19"]
[BlackTeam "Katowice Hetman Szopienice U19"]
[WhiteTeamCountry "POL"]
[BlackTeamCountry "POL"]

1. e4 c5 2. Nf3 e6 3. d4 cxd4 4. Nxd4 a6 5. Nc3 b5 6. Be2 Bb7 7. Bf3 Qc7 8. 0-0 Nc6 9. Nxc6 dxc6 10. Qe2 e5 11. Be3 Nf6 12. a3 Be7 13. g3 0-0 14. Bg2 a5 15. Rfd1 b4 16. axb4 axb4 17. Na4 c5 18. f3 Nd7 19. Qf2 c4 20. b3 Bc6 21. Nb6 Rxa1 22. Rxa1 cxb3 23. cxb3 Nxb6 24. Bxb6 Qd6 25. Rc1 Bd7 26. Bf1 Be6 27. Bc5 Qc7 28. Bxe7 Qxe7 29. Qc5 Qf6 30. Kg2 Qh6 31. Rc2 Bxb3 32. Rb2 Bd1 33. Qxb4 Qe3 34. Rf2 Rd8 35. Qe7 Qd4 36. Bc4 Rf8 37. Bd5 Qc3 38. Qd6 Bb3 39. Bxb3 Qxb3 40. Qxe5 Rc8 41. Rb2 Qc4 42. Qd5 Qa6 43. Ra2 Qb6 44. Ra8 Qc7 45. e5 g6 46. e6 Rxa8 47. Qxa8+ Kg7 48. Qa1+ Kg8 49. Qf6 Qc2+ 50. Kh3 fxe6 51. Qxe6+ Kg7 52. f4 Qd1 53. Qe5+ Kf7 54. Qc7+ Kg8 55. Qc8+ Kg7 56. Qg4 Qd3 57. Kh4 Kf7 58. Qc8 Qd5 59. Qc7+ Kg8 60. Qe5 Qd8+ 61. Qg5 Qd6 62. f5 Kg7 63. fxg6 hxg6 64. Kg4 Qd1+ 65. Kh4 Qe2 66. Kh3 1/2-1/2

[Event "POL-ch U18"]
[Site "Murzasichle"]
[Date "2011.03.12"]
[Round "9"]
[White "Barski, Radoslaw"]
[Black "Kaleta, Blazej"]
[Result "1-0"]
[WhiteElo "2311"]
[BlackElo "2029"]
[PlyCount "161"]
[EventDate "2011.03.05"]
[EventType "swiss"]
[EventRounds "9"]
[EventCountry "POL"]
[SourceTitle "EXT 2012"]
[Source "ChessBase"]
[SourceDate "2011.11.24"]
[SourceVersion "1"]
[SourceVersionDate "2011.11.24"]
[SourceQuality "1"]

1. e4 c5 2. Nf3 e6 3. d4 cxd4 4. Nxd4 a6 5. Bd3 Nf6 6. Qe2 d6 7. 0-0 Qc7 8. c4 b6 9. Nc3 Bb7 10. Be3 Nbd7 11. Rfc1 Nc5 12. f3 Nxd3 13. Qxd3 Be7 14. Na4 Nd7 15. b4 0-0 16. Nb3 Rfd8 17. Qe2 Bc6 18. Nb2 Rdc8 19. Rc2 Qb8 20. Rac1 Re8 21. Qf2 Bf6 22. Bd4 Qc7 23. Bxf6 Nxf6 24. a4 Rab8 25. Kh1 Red8 26. Ra1 Ba8 27. Nd3 Nd7 28. Rac1 Bc6 29. b5 Bb7 30. Qg3 Rbc8 31. h4 a5 32. e5 Nf8 33. exd6 Rxd6 34. Rc3 Qd8 35. Nf2 e5 36. c5 Rg6 37. Qh2 bxc5 38. Nxc5 Qe7 39. Nxb7 Rxc3 40. Rxc3 Qxb7 41. Qxe5 Re6 42. Qc5 Re2 43. Rc2 Rxc2 44. Qxc2 Ne6 45. Qc3 Qb6 46. Qc8+ Qd8 47. Qxd8+ Nxd8 48. Ne4 Nb7 49. Kg1 Kf8 50. f4 f5 51. Ng5 Ke7 52. Nxh7 Nc5 53. b6 Kd6 54. Ng5 Kc6 55. h5 Kxb6 56. g4 fxg4 57. f5 Nd7 58. Ne6 Kc6 59. Nxg7 Kd5 60. h6 Ne5 61. Kg2 Nf7 62. h7 Ke5 63. Kg3 Kf6 64. Ne8+ Kg5 65. h8Q Nxh8 66. Nd6 Kh5 67. Ne4 Nf7 68. Kf4 Kh4 69. f6 Nh6 70. Ng3 Nf7 71. Ne4 Nh6 72. Nd6 Kh3 73. f7 Nxf7 74. Nxf7 g3 75. Ne5 Kg2 76. Nd3 Kh2 77. Ne1 Kh3 78. Kf3 Kh2 79. Ng2 Kh3 80. Ne3 Kh4 81. Nf5+ 1-0

[Event "POL-ch U18"]
[Site "Murzasichle"]
[Date "2011.03.08"]
[Round "5"]
[White "Kaleta, Blazej"]
[Black "Siwiec, Arkadiusz"]
[Result "1-0"]
[WhiteElo "2029"]
[BlackElo "2132"]
[PlyCount "35"]
[EventDate "2011.03.05"]
[EventType "swiss"]
[EventRounds "9"]
[EventCountry "POL"]
[SourceTitle "EXT 2012"]
[Source "ChessBase"]
[SourceDate "2011.11.24"]
[SourceVersion "1"]
[SourceVersionDate "2011.11.24"]
[SourceQuality "1"]

1. Nf3 Nf6 2. d4 d5 3. e3 e6 4. c4 Be7 5. Nc3 0-0 6. a3 b6 7. b4 c5 8. dxc5 bxc5 9. bxc5 Ba6 10. cxd5 Bxf1 11. Kxf1 exd5 12. Qd3 Qa5 13. Bd2 Qxc5 14. Ke2 Rd8 15. Rhc1 Qb6 16. Rab1 Qe6 17. Nb5 Na6 18. Nbd4 1-0

[Event "POL-chT U19 39th"]
[Site "Gorzow Wielkopolski"]
[Date "2008.07.09"]
[Round "5.3"]
[White "Kaleta, Blazej"]
[Black "Wieczorek, Oskar"]
[Result "0-1"]
[WhiteElo "1948"]
[BlackElo "2232"]
[PlyCount "112"]
[EventDate "2008.07.05"]
[EventType "team-tourn"]
[EventRounds "9"]
[EventCountry "POL"]
[SourceTitle "EXT 2019"]
[Source "ChessBase"]
[SourceDate "2018.10.10"]
[SourceVersion "1"]
[SourceVersionDate "2018.10.10"]
[SourceQuality "1"]
[WhiteTeam "Jaworzno JKSz MCKiS U19"]
[BlackTeam "Wroclaw KS Polonia U19"]
[WhiteTeamCountry "POL"]
[BlackTeamCountry "POL"]

1. d4 Nf6 2. c4 g6 3. Nf3 Bg7 4. g3 0-0 5. Bg2 d6 6. 0-0 Nc6 7. Nc3 a6 8. e4 Bg4 9. h3 Bxf3 10. Bxf3 e5 11. d5 Nd4 12. Bg2 Nd7 13. Be3 c5 14. dxc6 bxc6 15. Rb1 Nc5 16. f4 f5 17. exf5 gxf5 18. Bxc6 Nxc6 19. Qd5+ Kh8 20. Qxc6 e4 21. Qd5 Nd3 22. Bd4 Qe7 23. a3 Rac8 24. Ne2 Qf7 25. Qxf7 Rxf7 26. b3 d5 27. Kh1 dxc4 28. bxc4 Bxd4 29. Nxd4 Rxc4 30. Rb8+ Kg7 31. Ne6+ Kg6 32. g4 e3 33. Rb6 Rf6 34. gxf5+ Kh6 35. Nc5 Nf2+ 36. Kg2 Rxb6 37. Ne6 e2 38. Re1 Nd3 39. Rxe2 Nxf4+ 40. Nxf4 Rxf4 41. Re5 Rf6 42. Ra5 R4xf5 43. Ra4 Rf3 44. Rh4+ Kg6 45. Rg4+ Kf7 46. Rh4 h6 47. Ra4 Rb3 48. h4 Rd6 49. Rf4+ Kg6 50. Rf2 Rxa3 51. Rc2 a5 52. h5+ Kxh5 53. Rc5+ Kg6 54. Rc2 a4 55. Kf2 Rb3 56. Ke1 a3 0-1

[Event "POL-chT U19 39th"]
[Site "Gorzow Wielkopolski"]
[Date "2008.07.08"]
[Round "4.27"]
[White "Dragun, Kamil"]
[Black "Kaleta, Blazej"]
[Result "1-0"]
[WhiteElo "2240"]
[BlackElo "1948"]
[PlyCount "101"]
[EventDate "2008.07.05"]
[EventType "team-tourn"]
[EventRounds "9"]
[EventCountry "POL"]
[SourceTitle "EXT 2019"]
[Source "ChessBase"]
[SourceDate "2018.10.10"]
[SourceVersion "1"]
[SourceVersionDate "2018.10.10"]
[SourceQuality "1"]
[WhiteTeam "Gorzow Wielkopolski Stilon U19"]
[BlackTeam "Jaworzno JKSz MCKiS U19"]
[WhiteTeamCountry "POL"]
[BlackTeamCountry "POL"]

1. e4 c5 2. Nf3 e6 3. d4 cxd4 4. Nxd4 a6 5. Bd3 Nf6 6. Qe2 d6 7. 0-0 Qc7 8. Kh1 b6 9. Nc3 Bb7 10. f4 Nbd7 11. Bd2 Be7 12. Rae1 0-0 13. b4 Rfe8 14. e5 Nd5 15. Nxd5 Bxd5 16. c4 Bb7 17. Bc3 Bf8 18. Nf3 g6 19. exd6 Qxd6 20. Ng5 Bg7 21. Bxg7 Kxg7 22. Qb2+ Kg8 23. Re3 Rad8 24. Nxh7 e5 25. Ng5 f6 26. c5 Qd4 27. Qxd4 exd4 28. Bc4+ Kf8 29. Ne6+ Rxe6 30. Rxe6 bxc5 31. Rd6 Ke7 32. bxc5 Nxc5 33. Rxd8 Kxd8 34. Rd1 Ke7 35. Rxd4 f5 36. Kg1 Bc6 37. Rd1 Be8 38. Rb1 a5 39. Re1+ Kd8 40. Re5 Nb7 41. Ba6 Nd6 42. Rxa5 Bf7 43. Bd3 Kc7 44. Ra7+ Kb6 45. Ra6+ Kc5 46. a4 Be8 47. a5 Bc6 48. Ra7 Be8 49. a6 Kb6 50. Rg7 Bf7 51. h4 1-0

[Event "POL-chT U19 39th"]
[Site "Gorzow Wielkopolski"]
[Date "2008.07.06"]
[Round "2.21"]
[White "Musialkiewicz, Jan"]
[Black "Kaleta, Blazej"]
[Result "1/2-1/2"]
[WhiteElo "2061"]
[BlackElo "1948"]
[PlyCount "164"]
[EventDate "2008.07.05"]
[EventType "team-tourn"]
[EventRounds "9"]
[EventCountry "POL"]
[SourceTitle "EXT 2019"]
[Source "ChessBase"]
[SourceDate "2018.10.10"]
[SourceVersion "1"]
[SourceVersionDate "2018.10.10"]
[SourceQuality "1"]
[WhiteTeam "Poznan UMKS Na Pieterku U19"]
[BlackTeam "Jaworzno JKSz MCKiS U19"]
[WhiteTeamCountry "POL"]
[BlackTeamCountry "POL"]

1. e4 c5 2. Nf3 e6 3. d4 cxd4 4. Nxd4 a6 5. c4 Nf6 6. Nc3 Qc7 7. Be2 d6 8. 0-0 b6 9. Be3 Bb7 10. f3 Be7 11. Qd2 Nbd7 12. Rfd1 0-0 13. Bf1 Rfd8 14. Rac1 Nc5 15. b4 Ncd7 16. a3 Rac8 17. Qf2 Qb8 18. Nb3 Ba8 19. Na4 Rc6 20. Rb1 Rdc8 21. Rd2 Bd8 22. b5 Rxc4 23. Bxc4 Rxc4 24. Nb2 Rc3 25. Rd3 Rc8 26. bxa6 d5 27. exd5 Bxd5 28. Nd4 Qa7 29. Qe2 e5 30. Nb5 Qxa6 31. Rd2 Be7 32. Rbd1 Qb7 33. Rc2 Nc5 34. Rdc1 Bb3 35. Rd2 Nd5 36. Bf2 Qa6 37. Nc3 Qxe2 38. Rxe2 Nf4 39. Rd2 Nce6 40. Na2 Ra8 41. Nb4 Rxa3 42. Nc6 Bf6 43. Bxb6 h5 44. Nd8 Nd4 45. Kf2 Bd5 46. Bxd4 exd4 47. Nc6 Rc3 48. Rxc3 dxc3 49. Rxd5 Nxd5 50. Nd3 c2 51. Na5 Nf4 52. Nc1 Bd4+ 53. Kf1 Nd5 54. Nab3 Bb6 55. g3 h4 56. Kg2 Be3 57. f4 f5 58. Kf3 h3 59. Ne2 Kf7 60. g4 g6 61. gxf5 gxf5 62. Nc3 Nxc3 63. Kxe3 Nd5+ 64. Kf3 Ke7 65. Kg3 Kd6 66. Kf3 Nb4 67. Nc1 Kd5 68. Ke3 Kc4 69. Kd2 Kd4 70. Ne2+ Ke4 71. Kc3 Ke3 72. Nc1 Nd5+ 73. Kxc2 Nxf4 74. Kd1 Ng2 75. Ne2 Kf2 76. Ng3 f4 77. Ne4+ Kf1 78. Nd2+ Kg1 79. Ke2 Kxh2 80. Kf2 Ne3 81. Nf3+ Kh1 82. Ng5 Ng4+ 1/2-1/2

[Event "POL 14th Olympiade U14 Boys"]
[Site "Szczawno Zdroj"]
[Date "2008.05.02"]
[Round "8"]
[White "Kaleta, Blazej"]
[Black "Sowul, Bartosz"]
[Result "1/2-1/2"]
[WhiteElo "1927"]
[BlackElo "2028"]
[PlyCount "110"]
[EventDate "2008.04.27"]
[EventType "swiss"]
[EventRounds "10"]
[EventCountry "POL"]
[SourceTitle "EXT 2009"]
[Source "ChessBase"]
[SourceDate "2008.11.26"]
[SourceVersion "1"]
[SourceVersionDate "2008.11.26"]
[SourceQuality "1"]

1. d4 Nf6 2. Nf3 g6 3. g3 Bg7 4. Bg2 0-0 5. 0-0 d6 6. c4 Nbd7 7. Nc3 e5 8. e3 c6 9. b3 Re8 10. Bb2 Qc7 11. Rc1 a5 12. Ne1 Bh6 13. d5 Nb6 14. dxc6 bxc6 15. Ne4 Nxe4 16. Bxe4 Bh3 17. c5 dxc5 18. Bg2 Bxg2 19. Kxg2 Rad8 20. Qc2 c4 21. bxc4 Bg7 22. Nf3 h5 23. c5 Nd5 24. a3 Bh6 25. Rce1 e4 26. Nd2 Qe7 27. Bd4 h4 28. Rb1 Bg7 29. Nc4 Bxd4 30. exd4 Qe6 31. Rfe1 Qg4 32. Qd1 Nf4+ 33. Kh1 Qxd1 34. Rexd1 Nd3 35. Kg1 Rxd4 36. Nxa5 hxg3 37. hxg3 Rd5 38. Nxc6 Rxc5 39. Nb4 Ne5 40. Kg2 Nf3 41. Nd5 Kg7 42. Ne3 Rh5 43. g4 Rg5 44. Rb7 Rh8 45. Rdd7 Ne5 46. Re7 Nxg4 47. Rxf7+ Kh6 48. Nxg4+ Rxg4+ 49. Kf1 Ra8 50. Ra7 Rb8 51. Rab7 Ra8 52. f4 exf3 53. Rxf3 Rga4 54. Rbb3 R8a6 55. Kg2 g5 1/2-1/2

[Event "POL 14th Olympiade U14 Boys"]
[Site "Szczawno Zdroj"]
[Date "2008.04.29"]
[Round "4"]
[White "Kaleta, Blazej"]
[Black "Grochulski, Grzegorz"]
[Result "1-0"]
[WhiteElo "1927"]
[BlackElo "1821"]
[PlyCount "99"]
[EventDate "2008.04.27"]
[EventType "swiss"]
[EventRounds "10"]
[EventCountry "POL"]
[SourceTitle "EXT 2009"]
[Source "ChessBase"]
[SourceDate "2008.11.26"]
[SourceVersion "1"]
[SourceVersionDate "2008.11.26"]
[SourceQuality "1"]

1. d4 Nf6 2. Nf3 g6 3. g3 Bg7 4. Bg2 0-0 5. 0-0 d6 6. Re1 Nbd7 7. c3 c6 8. Nbd2 e5 9. e4 Re8 10. Qc2 Qc7 11. b3 a5 12. a4 b5 13. Bb2 Ba6 14. Bf1 h5 15. Ra2 Bh6 16. Rea1 b4 17. cxb4 Bxf1 18. Rxf1 axb4 19. dxe5 dxe5 20. Nc4 Ra6 21. Raa1 Nh7 22. Rad1 Ng5 23. Nxg5 Bxg5 24. Nd6 Re6 25. Nc4 Be7 26. Rd2 h4 27. Rfd1 Nc5 28. Kg2 hxg3 29. hxg3 f6 30. Bc1 Kf7 31. Rh1 Bf8 32. Rdd1 Ra8 33. Be3 Nb7 34. Nb6 Rd8 35. Rh7+ Bg7 36. Rxd8 Nxd8 37. a5 Kg8 38. Rh1 Bf8 39. Qc4 c5 40. Rd1 Bd6 41. Qd5 Qc6 42. Ra1 Qxd5 43. exd5 Re7 44. Nc8 Rd7 45. Nxd6 Rxd6 46. a6 Nc6 47. dxc6 Rd8 48. c7 Rc8 49. a7 Ra8 50. c8Q+ 1-0

[Event "POL-ch U14"]
[Site "Turawa"]
[Date "2007.04.28"]
[Round "3"]
[White "Witek, Pawel"]
[Black "Kaleta, Blazej"]
[Result "1-0"]
[WhiteElo "1985"]
[BlackElo "1899"]
[PlyCount "99"]
[EventDate "2007.04.27"]
[EventType "swiss"]
[EventRounds "10"]
[EventCountry "POL"]
[SourceTitle "EXT 2011"]
[Source "ChessBase"]
[SourceDate "2010.11.26"]
[SourceVersion "1"]
[SourceVersionDate "2010.11.26"]
[SourceQuality "1"]

1. d4 d5 2. c4 c6 3. Nc3 Nf6 4. Nf3 e6 5. e3 Bd6 6. Qc2 0-0 7. Be2 Nbd7 8. 0-0 b6 9. b3 Bb7 10. Bb2 Rc8 11. e4 dxe4 12. Nxe4 Nxe4 13. Qxe4 Nf6 14. Qh4 Ne8 15. Qh3 Be7 16. Bd3 h6 17. Rad1 Bf6 18. Bc2 Qc7 19. Bc1 Bd8 20. Ne5 f5 21. Bf4 Rf6 22. Qh5 Qe7 23. h4 Bc7 24. Rfe1 Bxe5 25. Rxe5 Qd7 26. Qe2 Rd8 27. b4 Nc7 28. Bb3 Kf7 29. Re3 Bc8 30. Be5 Ne8 31. Bxf6 Nxf6 32. c5 Re8 33. a4 Qc7 34. Re5 g6 35. f3 Nh5 36. Qe3 Qd8 37. Re1 Ng7 38. b5 bxc5 39. Rxc5 cxb5 40. axb5 Qd6 41. Qe5 Qf8 42. Rec1 Bd7 43. Rc7 Re7 44. Rxa7 Qd8 45. Rcc7 Kf8 46. Qf6+ Ke8 47. Qxg6+ Kf8 48. Qf6+ Ke8 49. b6 e5 50. Ba4 1-0

[Event "POL-ch U14"]
[Site "Turawa"]
[Date "2007.04.27"]
[Round "1"]
[White "Kanarek, Marcel"]
[Black "Kaleta, Blazej"]
[Result "1-0"]
[WhiteElo "2225"]
[BlackElo "1899"]
[PlyCount "93"]
[EventDate "2007.04.27"]
[EventType "swiss"]
[EventRounds "10"]
[EventCountry "POL"]
[SourceTitle "EXT 2011"]
[Source "ChessBase"]
[SourceDate "2010.11.26"]
[SourceVersion "1"]
[SourceVersionDate "2010.11.26"]
[SourceQuality "1"]

1. e4 c5 2. Nf3 e6 3. d4 cxd4 4. Nxd4 a6 5. Bd3 Qc7 6. 0-0 Nf6 7. Kh1 d6 8. c4 Be7 9. Nc3 b6 10. Bd2 Bb7 11. Qe2 Nbd7 12. f3 Ne5 13. b3 Nxd3 14. Qxd3 Nd7 15. Rae1 Bf6 16. Nde2 Rd8 17. Nf4 h6 18. Nh5 0-0 19. Nxf6+ Nxf6 20. Be3 Rfe8 21. Bd4 Nd7 22. f4 Nc5 23. Qg3 e5 24. fxe5 dxe5 25. Nd5 Bxd5 26. exd5 Nd7 27. Re4 Qd6 28. Rg4 g6 29. Be3 h5 30. Rg5 Kg7 31. Rxh5 Rh8 32. Bh6+ Kg8 33. Rh4 Nf6 34. Qf3 Rxh6 35. Rxh6 Kg7 36. Rh3 Rd7 37. Qe3 Nh5 38. Rxh5 gxh5 39. Qg5+ Kf8 40. Qxh5 Ke8 41. Qh8+ Ke7 42. Rf5 Qg6 43. Rxe5+ Kd6 44. Qb8+ Rc7 45. Re1 Kd7 46. Qe8+ Kd6 47. Qf8+ 1-0